[Event "2. Bundesliga Mitte 2011/12"]
[Site "St.Veit/Glan"]
[Date "2012.03.02"]
[Round "7"]
[Board "1"]
[White "Kovacs, Gabor"]
[Black "Neubauer, Martin"]
[Result "1/2-1/2"]
[WhiteElo "2498"]
[BlackElo "2431"]
[PlyCount "68"]
[EventDate "2011.10.21"]
[EventType "team"]
[EventRounds "11"]
[EventCountry "AUT"]
[WhiteTeam "Union Styria Graz Kleine Zeitung"]
[BlackTeam "SV ASVOE Fundermax St. Veit/Glan"]

1. d4 Nf6 2. c4 g6 3. Nc3 d5 4. Nf3 Bg7 5. Qb3 dxc4 6. Qxc4 O-O 7. e4 a6 8. Be2
b5 9. Qd3 c5 10. dxc5 Bb7 11. Bg5 Qxd3 12. Bxd3 Nbd7 13. e5 Nxc5 14. Be2 Nfd7
15. O-O Rfe8 16. Rad1 Nxe5 17. Nxe5 Bxe5 18. Nd5 Ne6 19. Be3 Bxd5 20. Rxd5 Bxb2
21. Rd7 Ba3 22. Bf3 Rad8 23. Ra7 Rd6 24. Bb7 Bc5 25. Rxa6 Rxa6 26. Bxa6 Rb8 27.
Rc1 Bxe3 28. fxe3 Kg7 29. Rc6 Ra8 30. h4 Kf6 31. Rb6 Kg7 32. Rc6 Ra7 33. Rb6
Nc7 34. Bxb5 Rxa2 {and draw after 78 moves!} 1/2-1/2

[Event "2. Bundesliga Mitte 2011/12"]
[Site "St.Veit/Glan"]
[Date "2012.03.02"]
[Round "7"]
[Board "6"]
[White "Eichhorn, Alfred"]
[Black "Manhardt, Thomas"]
[Result "1/2-1/2"]
[WhiteElo "2039"]
[BlackElo "2148"]
[PlyCount "123"]
[EventDate "2011.10.21"]
[EventType "team"]
[EventRounds "11"]
[EventCountry "AUT"]
[WhiteTeam "SV ASVOE Fundermax St. Veit/Glan"]
[BlackTeam "Union Styria Graz Kleine Zeitung"]

1. e4 c5 2. Nf3 Nc6 3. d4 cxd4 4. Nxd4 Nf6 5. Nc3 e5 6. Ndb5 d6 7. Bg5 a6 8.
Na3 b5 9. Nd5 Be7 10. Bxf6 Bxf6 11. c4 b4 12. Nc2 a5 13. Qd3 Bg5 14. g3 O-O 15.
h4 Bh6 16. Bh3 Be6 17. Kf1 g6 18. Kg2 Ra7 19. Rad1 Kh8 20. Nde3 Rd7 21. b3 Ne7
22. Bxe6 fxe6 23. h5 Bg5 24. Ng4 Qb6 25. Qe2 Qc6 26. f3 Kg7 27. Rd3 Ng8 28.
hxg6 h6 29. Rhd1 Rfd8 30. a3 Qc5 31. axb4 axb4 32. Qf2 Qc7 33. Nxb4 h5 34. Ne3
Kxg6 35. Nec2 Ra8 36. c5 Be7 37. f4 Rf8 38. c6 Rdd8 39. Ne3 d5 40. f5+ Kg7 41.
Nec2 Nf6 42. exd5 exd5 43. Ra1 d4 44. Qd2 Nd5 45. Nxd5 Qxc6 46. Kg1 Qxd5 47.
Ra7 Rf7 48. Rxe7 Rxe7 49. Qg5+ Kf8 50. f6 Rf7 51. Qh6+ Ke8 52. Qxh5 Qc6 53.
Qxe5+ Kf8 54. Nxd4 Qb6 55. Kg2 Re8 56. Qh5 Qxf6 57. Rf3 Qg7 58. Rxf7+ Qxf7 59.
Qxf7+ Kxf7 60. Kf3 Rb8 61. Ke4 Kf6 62. Kd5 1/2-1/2

[Event "2. Bundesliga Mitte 2011/12"]
[Site "St.Veit/Glan"]
[Date "2012.03.02"]
[Round "7"]
[Board "1"]
[White "Grunberg, Mihai-Lucian"]
[Black "Pilaj, Herwig"]
[Result "1/2-1/2"]
[WhiteElo "2420"]
[BlackElo "2362"]
[PlyCount "101"]
[EventDate "2011.10.21"]
[EventType "team"]
[EventRounds "11"]
[EventCountry "AUT"]
[WhiteTeam "Strassenbahn Graz"]
[BlackTeam "SC Die Klagenfurter"]

1. Nf3 c5 2. c4 Nc6 3. d4 cxd4 4. Nxd4 g6 5. e4 Nf6 6. Nc3 d6 7. Be2 Nxd4 8.
Qxd4 Bg7 9. Be3 O-O 10. Qd2 a5 11. O-O Bd7 12. Rab1 Bc6 13. f3 Qb8 14. Rfc1 Nd7
15. b3 Be5 16. a3 Re8 17. b4 axb4 18. axb4 b6 19. Nd5 Ra3 20. Bg5 Bxd5 21. cxd5
b5 22. Be3 e6 23. Bf2 Nf6 24. Rc6 exd5 25. exd5 Kg7 26. Bf1 Qb7 27. Re1 Rea8
28. Bd4 Ra2 29. Qd1 Bxd4+ 30. Qxd4 Qa7 31. Qxa7 R8xa7 32. Rxd6 Rb2 33. Rd8 Rxb4
34. d6 Rb2 35. g4 g5 36. Re5 h6 37. Rxb5 Rd2 38. Rb3 Ra1 39. d7 Rdd1 40. Kg2
Rd2+ 41. Kg1 Nxd7 42. Rb7 Rad1 43. Re8 Kf6 44. Rb3 Rc1 45. f4 gxf4 46. Re4 Nc5
47. Rxf4+ Kg7 48. Rbf3 Rd7 49. h4 Ne6 50. Rc4 Rxc4 51. Bxc4 1/2-1/2

[Event "2. Bundesliga Mitte 2011/12"]
[Site "St.Veit/Glan"]
[Date "2012.03.02"]
[Round "7"]
[Board "3"]
[White "Krebs, Johann"]
[Black "Genser, Harald"]
[Result "1/2-1/2"]
[WhiteElo "2284"]
[BlackElo "2291"]
[PlyCount "59"]
[EventDate "2011.10.21"]
[EventType "team"]
[EventRounds "11"]
[EventCountry "AUT"]
[WhiteTeam "Strassenbahn Graz"]
[BlackTeam "SC Die Klagenfurter"]

1. d4 d5 2. c4 e6 3. Nf3 Nf6 4. Nc3 Be7 5. Bg5 h6 6. Bh4 O-O 7. e3 Ne4 8. Bxe7
Qxe7 9. Qc2 Nxc3 10. Qxc3 dxc4 11. Qxc4 b6 12. Qc3 Bb7 13. Be2 c5 14. dxc5 Rc8
15. O-O Rxc5 16. Qa3 Nd7 17. Rac1 a5 18. Rxc5 Nxc5 19. Rc1 Rc8 20. Nd4 Qg5 21.
Bf3 Bxf3 22. Nxf3 Qd5 23. b4 axb4 24. Qxb4 Qxa2 25. Qxb6 Qa8 26. h3 Nd7 27.
Rxc8+ Qxc8 28. Qa7 Qc1+ 29. Kh2 Qc8 30. Kg1 1/2-1/2

[Event "2. Bundesliga Mitte 2011/12"]
[Site "St.Veit/Glan"]
[Date "2012.03.02"]
[Round "7"]
[Board "4"]
[White "Petschar, Kurt"]
[Black "Pesorda, Ivan"]
[Result "1-0"]
[WhiteElo "2312"]
[BlackElo "2278"]
[PlyCount "47"]
[EventDate "2011.10.21"]
[EventType "team"]
[EventRounds "11"]
[EventCountry "AUT"]
[WhiteTeam "SC Die Klagenfurter"]
[BlackTeam "Strassenbahn Graz"]

1. d4 {[%emt 0:00:00]} Nf6 {[%emt 0:00:00]} 2. Nf3 c5 3. d5 e6 4. c4 exd5 5.
cxd5 d6 6. Nc3 g6 7. h3 Bg7 8. e4 O-O 9. Bd3 Bd7 10. Bf4 Re8 11. O-O b5 12.
Bxd6 b4 13. Nb5 Nxe4 14. Be2 Na6 15. Nd2 Qb6 16. Nxe4 Bxb5 17. Bxb5 Rxe4 18.
Qa4 Nb8 19. Rfe1 Bxb2 20. Rxe4 Bxa1 21. Re8+ Kg7 22. Bc6 Nxc6 23. Rxa8 Nd4 24.
Qe8 1-0

[Event "2. Bundesliga Mitte 2011/12"]
[Site "St.Veit/Glan"]
[Date "2012.03.02"]
[Round "7"]
[Board "1"]
[White "Freitag, Manfred"]
[Black "Gergacz, Attila"]
[Result "1/2-1/2"]
[WhiteElo "2380"]
[BlackElo "2426"]
[PlyCount "130"]
[EventDate "2011.10.21"]
[EventType "team"]
[EventRounds "11"]
[EventCountry "AUT"]
[WhiteTeam "ESV Austria Graz"]
[BlackTeam "SV Steyregg"]

1. d4 d5 2. c4 c6 3. Nf3 Nf6 4. e3 Bf5 5. Nc3 e6 6. Nh4 Bg4 7. Qb3 b6 8. h3 Bh5
9. g4 Ne4 10. Ng2 Nxc3 11. bxc3 Bg6 12. Be2 Bd6 13. cxd5 exd5 14. Ba3 Be4 15.
f3 Bg6 16. Kf2 Qe7 17. Bxd6 Qxd6 18. Qb4 Qxb4 19. cxb4 f6 20. Rhc1 Kd7 21. a4
a5 22. b5 Kd6 23. Nf4 Ra7 24. h4 Rc7 25. Ra2 Bf7 26. Rb2 cxb5 27. Rxc7 Kxc7 28.
Bxb5 Rd8 29. g5 Kb7 30. Rc2 Rd6 31. Bd3 Be8 32. gxf6 gxf6 33. Ra2 h6 34. Bb5
Bd7 35. Ra1 Na6 36. Bxd7 Rxd7 37. Rg1 Nb4 38. Rg6 Rd6 39. Rxh6 b5 40. Rg6 bxa4
41. Rg1 a3 42. Ra1 a2 43. h5 f5 44. Kg3 Kb6 45. Ne2 Rc6 46. Nc1 f4+ 47. exf4
Nc2 48. Rxa2 Nxd4 49. Rb2+ Kc7 50. Nd3 Nf5+ 51. Kg4 Nh6+ 52. Kg5 Nf7+ 53. Kh4
Rc4 54. Rb5 Rd4 55. Rxa5 Kd6 56. Ra3 Ke6 57. Kg3 Kf5 58. Ne5 Nxe5 59. fxe5 Rd1
60. Ra4 Rg1+ 61. Kh2 Rg8 62. h6 Kxe5 63. h7 Rh8 64. Rh4 Kf5 65. Kg3 Kg6 1/2-1/2

[Event "2. Bundesliga Mitte 2011/12"]
[Site "St.Veit/Glan"]
[Date "2012.03.02"]
[Round "7"]
[Board "2"]
[White "Nemeth, Miklos"]
[Black "Karner, Christoph"]
[Result "1/2-1/2"]
[WhiteElo "2438"]
[BlackElo "2381"]
[PlyCount "75"]
[EventDate "2011.10.21"]
[EventType "team"]
[EventRounds "11"]
[EventCountry "AUT"]
[WhiteTeam "SV Steyregg"]
[BlackTeam "ESV Austria Graz"]

1. e4 c6 2. d4 d5 3. f3 g6 4. c3 Bg7 5. e5 f6 6. f4 Nh6 7. Nf3 O-O 8. Be2 Bg4
9. O-O Nf5 10. Na3 Qb6 11. Kh1 Na6 12. Qe1 c5 13. h3 Bxf3 14. Bxf3 cxd4 15.
Bxd5+ Kh8 16. cxd4 Qxd4 17. Bf3 Nb4 18. Kh2 fxe5 19. Bxb7 Rab8 20. Be4 Nd6 21.
Bf3 exf4 22. Qxe7 Rbe8 23. Qd7 Nd3 24. Nb5 Nxb5 25. Qxb5 Ne1 26. Qd5 Qf6 27.
Rb1 Qh4 28. Bd2 Nxf3+ 29. Qxf3 Rd8 30. Bc3 Qe7 31. Rfe1 Qc7 32. Rbc1 Bxc3 33.
Rxc3 Qd6 34. Rc4 Rf7 35. Rce4 Kg7 36. Re6 Qd4 37. R1e2 Qd3 38. Qxd3 1/2-1/2

[Event "2. Bundesliga Mitte 2011/12"]
[Site "St.Veit/Glan"]
[Date "2012.03.02"]
[Round "7"]
[Board "3"]
[White "Kotz, Heinz Peter"]
[Black "Wiesinger, Robert"]
[Result "1/2-1/2"]
[WhiteElo "2349"]
[BlackElo "2277"]
[PlyCount "61"]
[EventDate "2011.10.21"]
[EventType "team"]
[EventRounds "11"]
[EventCountry "AUT"]
[WhiteTeam "ESV Austria Graz"]
[BlackTeam "SV Steyregg"]

1. e4 e5 2. Nf3 Nc6 3. Bb5 a6 4. Ba4 Nf6 5. O-O Be7 6. Qe2 b5 7. Bb3 d6 8. c3
O-O 9. d4 Bg4 10. Be3 d5 11. exd5 Nxd5 12. h3 exd4 13. cxd4 Bh5 14. Nc3 Nxc3
15. bxc3 Bd6 16. a4 Na5 17. Bc2 Nc4 18. axb5 axb5 19. Be4 Rb8 20. Qd3 Bg6 21.
Bxg6 hxg6 22. Bg5 Qd7 23. Rfe1 Rfe8 24. Nd2 Nxd2 25. Bxd2 Qf5 26. Qxf5 gxf5 27.
Rxe8+ Rxe8 28. Kf1 Kf8 29. Ra5 Rb8 30. Ke2 Ke7 31. Kd3 1/2-1/2

[Event "2. Bundesliga Mitte 2011/12"]
[Site "St.Veit/Glan"]
[Date "2012.03.02"]
[Round "7"]
[Board "5"]
[White "Fahrner, Kurt"]
[Black "Kubinger, Thomas"]
[Result "1/2-1/2"]
[WhiteElo "2319"]
[BlackElo "2170"]
[PlyCount "157"]
[EventDate "2011.10.21"]
[EventType "team"]
[EventRounds "11"]
[EventCountry "AUT"]
[WhiteTeam "ESV Austria Graz"]
[BlackTeam "SV Steyregg"]

1. g3 Nf6 2. Bg2 d5 3. d3 c6 4. Nd2 e5 5. c4 Be7 6. Rb1 O-O 7. b4 Re8 8. Qc2
Bf8 9. Ngf3 e4 10. Nd4 exd3 11. Qxd3 Nbd7 12. N2f3 c5 13. bxc5 Nxc5 14. Qc2
dxc4 15. O-O a6 16. Rd1 Qa5 17. Bf4 b5 18. Ne5 Bb7 19. Bxb7 Nxb7 20. a4 Nd6 21.
axb5 axb5 22. Nec6 Qa2 23. Bxd6 Bxd6 24. Rb2 Qa4 25. Nxb5 Bc5 26. Rc1 Rec8 27.
Ne5 Bb4 28. Qxa4 Rxa4 29. Rxc4 Rxc4 30. Nxc4 Bc5 31. Rc2 Ne4 32. e3 g6 33. Nc7
Ra1+ 34. Kg2 Rd1 35. Na6 Bf8 36. Nb8 Bc5 37. Nc6 h5 38. Nb2 Rd2 39. Rxd2 Nxd2
40. Nd3 Bb6 41. Ne7+ Kg7 42. Nd5 Ba7 43. f3 Nc4 44. e4 Nd2 45. N3b4 Bc5 46. Nc2
Nc4 47. Kf1 Ba7 48. Ke2 Bg1 49. h3 Ba7 50. Nce3 Nxe3 51. Nxe3 Kf6 52. f4 Ke6
53. f5+ Ke5 54. fxg6 fxg6 55. Kf3 Bc5 56. Nc4+ Kd4 57. Na5 Ke5 58. Nc6+ Kd6 59.
Nd8 Ke5 60. h4 Ba3 61. Nc6+ Kd6 62. Na5 Bc1 63. Nc4+ Ke6 64. Ne3 Ke5 65. Nd5
Ba3 66. Nf4 Kf6 67. e5+ Kf5 68. Nd3 Be7 69. Nf4 Bc5 70. e6 Bd6 71. Ke2 Kf6 72.
Ke3 Bxf4+ 73. Kxf4 Kxe6 74. Kg5 Kf7 75. g4 hxg4 76. Kxg4 Kg7 77. Kg5 Kh7 78. h5
gxh5 79. Kxh5 1/2-1/2

[Event "2. Bundesliga Mitte 2011/12"]
[Site "St.Veit/Glan"]
[Date "2012.03.02"]
[Round "7"]
[Board "6"]
[White "Forstner, Joerg"]
[Black "Spindelboeck, Gernot"]
[Result "1/2-1/2"]
[WhiteElo "2113"]
[BlackElo "2235"]
[PlyCount "62"]
[EventDate "2011.10.21"]
[EventType "team"]
[EventRounds "11"]
[EventCountry "AUT"]
[WhiteTeam "SV Steyregg"]
[BlackTeam "ESV Austria Graz"]

1. d4 Nf6 2. Nf3 e6 3. Bg5 c5 4. e3 h6 5. Bh4 b6 6. Nbd2 Bb7 7. Bd3 Be7 8. O-O
O-O 9. c3 d6 10. Qe2 Nbd7 11. a4 Re8 12. Rfd1 Qc7 13. h3 Nh5 14. Bxe7 Rxe7 15.
g4 Nhf6 16. e4 Rd8 17. Nf1 Nf8 18. Ng3 Ng6 19. Qe3 a6 20. Nh5 Nxh5 21. gxh5 Nf8
22. Kh1 f5 23. Nd2 fxe4 24. Bxe4 cxd4 25. cxd4 Bxe4+ 26. Nxe4 Qb7 27. Kh2 Rf7
28. Rg1 Qd5 29. Rg4 Qxh5 30. Rag1 Nh7 31. Qg3 Ng5 1/2-1/2

[Event "2. Bundesliga Mitte 2011/12"]
[Site "St.Veit/Glan"]
[Date "2012.03.02"]
[Round "7"]
[Board "2"]
[White "Sandhoefner, Florian"]
[Black "Poetz, Florian"]
[Result "1/2-1/2"]
[WhiteElo "2201"]
[BlackElo "2412"]
[PlyCount "66"]
[EventDate "2011.10.21"]
[EventType "team"]
[EventRounds "11"]
[EventCountry "AUT"]
[WhiteTeam "ASK St. Valentin"]
[BlackTeam "SK Sparkasse Fuerstenfeld"]

1. e4 c5 2. Nf3 e6 3. c4 Nc6 4. Nc3 Nf6 5. Be2 Qb6 6. O-O Be7 7. d3 d6 8. Rb1
O-O 9. Be3 Ng4 10. Bd2 a5 11. h3 Nge5 12. Ne1 Nd4 13. f4 Nec6 14. Nf3 Qc7 15.
Be3 Bf6 16. a4 b6 17. Nb5 Nxb5 18. axb5 Nd4 19. Nxd4 Bxd4 20. Bxd4 cxd4 21. Bf3
Bb7 22. Qd2 Qc5 23. Rbc1 Rfc8 24. Qe2 Rd8 25. Rc2 Rdc8 26. Rfc1 Kh8 27. Kf2 Rg8
28. h4 f6 29. g4 f5 30. exf5 Bxf3 31. Qxf3 exf5 32. g5 Rae8 33. Re1 Rxe1
1/2-1/2

[Event "2. Bundesliga Mitte 2011/12"]
[Site "St.Veit/Glan"]
[Date "2012.03.02"]
[Round "7"]
[Board "3"]
[White "Postl, Anton"]
[Black "Kranzl, Peter"]
[Result "1/2-1/2"]
[WhiteElo "2270"]
[BlackElo "2253"]
[PlyCount "72"]
[EventDate "2011.10.21"]
[EventType "team"]
[EventRounds "11"]
[EventCountry "AUT"]
[WhiteTeam "SK Sparkasse Fuerstenfeld"]
[BlackTeam "ASK St. Valentin"]

1. d4 Nf6 2. c4 g6 3. Nf3 Bg7 4. g3 O-O 5. Bg2 d6 6. O-O c6 7. Nc3 Bf5 8. Ne1
Qc8 9. e4 Bh3 10. f3 e5 11. d5 Bxg2 12. Kxg2 cxd5 13. cxd5 Ne8 14. Be3 Nd7 15.
Rc1 Qd8 16. Qb3 b6 17. Nd3 Nc5 18. Qd1 a5 19. Nb5 f5 20. Nxc5 bxc5 21. a4 fxe4
22. fxe4 Rxf1 23. Qxf1 Qd7 24. Qe2 Nc7 25. Nxc7 Qxc7 26. Qg4 Qc8 27. Qxc8+ Rxc8
28. Bd2 Bf8 29. Kf3 Rb8 30. Bc3 Be7 31. Ke2 Kf7 32. Rf1+ Ke8 33. Kd3 Bd8 34.
Kc4 Rb7 35. b3 Ke7 36. Bd2 Ke8 1/2-1/2

[Event "2. Bundesliga Mitte 2011/12"]
[Site "St.Veit/Glan"]
[Date "2012.03.02"]
[Round "7"]
[Board "5"]
[White "Hatzl, Stefan"]
[Black "Heimberger, Reinhard"]
[Result "1/2-1/2"]
[WhiteElo "2162"]
[BlackElo "2313"]
[PlyCount "132"]
[EventDate "2011.10.21"]
[EventType "team"]
[EventRounds "11"]
[EventCountry "AUT"]
[WhiteTeam "SK Sparkasse Fuerstenfeld"]
[BlackTeam "ASK St. Valentin"]

1. e4 c5 2. Nf3 e6 3. c3 Nf6 4. e5 Nd5 5. d4 cxd4 6. cxd4 d6 7. Bc4 Nc6 8. O-O
Be7 9. Qe2 O-O 10. Re1 b6 11. Bxd5 exd5 12. Qb5 Bb7 13. Qxd5 dxe5 14. Nc3 exd4
15. Nxd4 Nxd4 16. Qxb7 Bb4 17. Be3 Nc2 18. Rad1 Qc8 19. Qxc8 Raxc8 20. Re2 Nxe3
21. Rxe3 Rfd8 22. Rxd8+ Rxd8 23. Kf1 Bc5 24. Re1 f5 25. Rd1 Rxd1+ 26. Nxd1 Kf7
27. Ke2 Ke6 28. Kd3 b5 29. f3 Ke5 30. Nc3 a6 31. Ne2 g5 32. g4 h6 33. h3 Bf2
34. b3 Be1 35. a4 bxa4 36. bxa4 Bf2 37. Kc4 fxg4 38. hxg4 Be1 39. Kc5 a5 40.
Kc4 Bb4 41. Kd3 Kd5 42. Ng3 Be1 43. Ne4 Ke5 44. Nc5 Bb4 45. Nb3 Kf6 46. Ke2 Bc3
47. Nc5 Ke5 48. Kd3 Bb4 49. Ne4 Be7 50. Nd2 Kd5 51. Nc4 Bd8 52. Ne3+ Kc5 53.
Kc3 Bf6+ 54. Kb3 Kd4 55. Nf5+ Kd3 56. Nxh6 Ke3 57. Kc4 Kxf3 58. Kb5 Bc3 59. Ka6
Ke4 60. Kb5 Bd2 61. Nf7 Kf4 62. Nh6 Bc3 63. Ka6 Bg7 64. Nf7 Kxg4 65. Nxg5 Kxg5
66. Kxa5 Bc3+ 1/2-1/2

[Event "2. Bundesliga Mitte 2011/12"]
[Site "St.Veit/Glan"]
[Date "2012.03.03"]
[Round "8"]
[Board "5"]
[White "Fahrner, Kurt"]
[Black "Reichmann, Egon"]
[Result "1-0"]
[WhiteElo "2319"]
[BlackElo "2279"]
[PlyCount "54"]
[EventDate "2011.10.21"]
[EventType "team"]
[EventRounds "11"]
[EventCountry "AUT"]
[WhiteTeam "ESV Austria Graz"]
[BlackTeam "ZH-Technologies-Wolfsberg"]

1. c4 c5 2. Nc3 Nf6 3. g3 d5 4. cxd5 Nxd5 5. Bg2 Nc7 6. b3 e5 7. Ba3 Nd7 8. Rc1
Rb8 9. e3 Be7 10. Nf3 b5 11. Ne4 b4 12. Bb2 f6 13. O-O Ba6 14. Re1 Bd3 15. Nh4
g6 16. f4 O-O 17. f5 g5 18. Nf2 Nb6 19. Qg4 Ne8 20. Nxd3 Qxd3 21. Be4 Qxd2 22.
Ng6 hxg6 23. fxg6 f5 24. Qh3 Rf7 25. gxf7+ Kxf7 26. Qxf5+ Nf6 27. Qg6+ Ke6 1-0

[Event "2. Bundesliga Mitte 2011/12"]
[Site "St.Veit/Glan"]
[Date "2012.03.03"]
[Round "8"]
[Board "6"]
[White "Wegerer, Fred"]
[Black "Spindelboeck, Gernot"]
[Result "0-1"]
[WhiteElo "2159"]
[BlackElo "2235"]
[PlyCount "84"]
[EventDate "2011.10.21"]
[EventType "team"]
[EventRounds "11"]
[EventCountry "AUT"]
[WhiteTeam "ZH-Technologies-Wolfsberg"]
[BlackTeam "ESV Austria Graz"]

1. d4 Nf6 2. Nf3 e6 3. e3 b6 4. Bd3 Bb7 5. Nbd2 c5 6. O-O Nc6 7. c3 d6 8. a3
Be7 9. b4 a6 10. Bb2 O-O 11. Qe2 Qc7 12. Rac1 Rfe8 13. Rfd1 Bf8 14. Ng5 h6 15.
Nge4 Nxe4 16. Nxe4 c4 17. Bb1 f5 18. Nd2 d5 19. Qh5 Qf7 20. Qxf7+ Kxf7 21. f3
b5 22. e4 g6 23. Re1 a5 24. Re2 axb4 25. axb4 Bd6 26. Nf1 Ne7 27. exf5 exf5 28.
Rce1 Ng8 29. Rxe8 Rxe8 30. Rxe8 Kxe8 31. g4 Bc8 32. Ne3 Ne7 33. h4 Bf4 34. Ng2
Bg3 35. gxf5 Bxf5 36. Bxf5 Nxf5 37. Bc1 Nxh4 38. Nf4 Nxf3+ 39. Kg2 Bxf4 40.
Bxf4 Nh4+ 41. Kh3 Nf5 42. Kg4 Kf7 0-1

[Event "2. Bundesliga Mitte 2011/12"]
[Site "St.Veit/Glan"]
[Date "2012.03.03"]
[Round "8"]
[Board "1"]
[White "Schenk, Andreas"]
[Black "Hartl, Daniel"]
[Result "1/2-1/2"]
[WhiteElo "2499"]
[BlackElo "2272"]
[PlyCount "65"]
[EventDate "2011.10.21"]
[EventType "team"]
[EventRounds "11"]
[EventCountry "AUT"]
[WhiteTeam "SK Sparkasse Fuerstenfeld"]
[BlackTeam "SK MPOE Maria Saal"]

1. d4 d5 2. c4 c6 3. Nf3 Nf6 4. e3 Bf5 5. Nc3 e6 6. Nh4 Bg6 7. Qb3 Qc7 8. Nxg6
hxg6 9. g3 Nbd7 10. Bd2 Nb6 11. cxd5 exd5 12. Qc2 Be7 13. Rd1 Qd7 14. Bc1 O-O-O
15. Bg2 Rh5 16. Bf3 Rh7 17. Bg2 Kb8 18. a3 g5 19. h3 Rdh8 20. Ke2 Qe6 21. Rde1
Rh6 22. Qd3 Nfd7 23. g4 g6 24. e4 f5 25. gxf5 gxf5 26. e5 Rh4 27. Kd1 Nf8 28.
f4 gxf4 29. Ref1 Ng6 30. Ne2 Bg5 31. Rhg1 Bh6 32. Rf3 Nc8 33. Rgf1 1/2-1/2

[Event "2. Bundesliga Mitte 2011/12"]
[Site "St.Veit/Glan"]
[Date "2012.03.03"]
[Round "8"]
[Board "2"]
[White "Ertl, Johann"]
[Black "Poetz, Florian"]
[Result "1-0"]
[WhiteElo "2274"]
[BlackElo "2412"]
[PlyCount "57"]
[EventDate "2011.10.21"]
[EventType "team"]
[EventRounds "11"]
[EventCountry "AUT"]
[WhiteTeam "SK MPOE Maria Saal"]
[BlackTeam "SK Sparkasse Fuerstenfeld"]

1. e4 c6 2. Nc3 d5 3. Qe2 dxe4 4. Nxe4 Bf5 5. d3 e6 6. Bd2 Nd7 7. g4 Bxe4 8.
dxe4 Qb6 9. O-O-O Bb4 10. Nf3 Bxd2+ 11. Nxd2 Qa5 12. Kb1 Nb6 13. e5 O-O-O 14.
Bg2 Kc7 15. Nb3 Rxd1+ 16. Rxd1 Qb4 17. Rd4 Qe7 18. Qd2 Nh6 19. Qa5 Rd8 20. Bxc6
Kb8 21. Rxd8+ Qxd8 22. Bf3 Qh4 23. Qc5 Qxh2 24. a4 Qf4 25. Qd6+ Kc8 26. Bxb7+
Kxb7 27. Na5+ Ka6 28. Qd3+ Nc4 29. Nxc4 1-0

[Event "2. Bundesliga Mitte 2011/12"]
[Site "St.Veit/Glan"]
[Date "2012.03.03"]
[Round "8"]
[Board "3"]
[White "Kuba, Guenter"]
[Black "Reschun, Sascha"]
[Result "1/2-1/2"]
[WhiteElo "2384"]
[BlackElo "2244"]
[PlyCount "59"]
[EventDate "2011.10.21"]
[EventType "team"]
[EventRounds "11"]
[EventCountry "AUT"]
[WhiteTeam "SK Sparkasse Fuerstenfeld"]
[BlackTeam "SK MPOE Maria Saal"]

1. e4 e6 2. Nf3 c5 3. c3 d5 4. exd5 exd5 5. d4 cxd4 6. Nxd4 a6 7. Nd2 Bd6 8.
Bd3 Qe7+ 9. Be2 Nc6 10. N2f3 Qc7 11. O-O Nge7 12. h3 Ng6 13. Nxc6 bxc6 14. c4
dxc4 15. Bxc4 O-O 16. Re1 Ne5 17. Nxe5 Bxe5 18. Qc2 Rb8 19. Rb1 c5 20. b3 Rb6
21. Bd3 Bd4 22. Be3 Bxe3 23. Rxe3 g6 24. Rbe1 Rd6 25. Re7 Qa5 26. R1e5 Qd8 27.
Bc4 Be6 28. Ra7 Qb8 29. Re7 Qd8 30. Ra7 1/2-1/2

[Event "2. Bundesliga Mitte 2011/12"]
[Site "St.Veit/Glan"]
[Date "2012.03.03"]
[Round "8"]
[Board "4"]
[White "Eichert, Wolfgang"]
[Black "Takacs, Balazs"]
[Result "1/2-1/2"]
[WhiteElo "2161"]
[BlackElo "2334"]
[PlyCount "71"]
[EventDate "2011.10.21"]
[EventType "team"]
[EventRounds "11"]
[EventCountry "AUT"]
[WhiteTeam "SK MPOE Maria Saal"]
[BlackTeam "SK Sparkasse Fuerstenfeld"]

1. e4 c5 2. c3 d6 3. d4 Nf6 4. Bd3 g6 5. Ne2 Bg7 6. O-O O-O 7. h3 cxd4 8. cxd4
Nc6 9. Nbc3 Bd7 10. Be3 Nb4 11. Bb1 b5 12. Qd2 Nc6 13. Nxb5 Na5 14. Na3 d5 15.
f3 Bc6 16. e5 Ne8 17. Bd3 Qb6 18. b4 Nb7 19. Nc2 Bb5 20. a4 Bxd3 21. Qxd3 Nc7
22. Na3 a6 23. Rfc1 Rfc8 24. b5 axb5 25. Nxb5 Na5 26. Bf2 Nc4 27. Nec3 e6 28.
Rcb1 Qc6 29. Be1 Bf8 30. Nxc7 Rxc7 31. Rb5 Be7 32. Rab1 Na3 33. Rb8+ Rc8 34.
Rxa8 Qxa8 35. Rb3 Nc4 36. Bd2 1/2-1/2

[Event "2. Bundesliga Mitte 2011/12"]
[Site "St.Veit/Glan"]
[Date "2012.03.03"]
[Round "8"]
[Board "5"]
[White "Hatzl, Stefan"]
[Black "Steiner, Josef"]
[Result "0-1"]
[WhiteElo "2162"]
[BlackElo "2116"]
[PlyCount "102"]
[EventDate "2011.10.21"]
[EventType "team"]
[EventRounds "11"]
[EventCountry "AUT"]
[WhiteTeam "SK Sparkasse Fuerstenfeld"]
[BlackTeam "SK MPOE Maria Saal"]

1. e4 {[%emt 0:00:00]} e6 2. b3 b6 3. Bb2 Bb7 4. d3 d5 5. exd5 exd5 6. Nf3 Nf6
7. Qe2+ Qe7 8. Bxf6 Qxe2+ 9. Bxe2 gxf6 10. Nbd2 Nc6 11. O-O Ba3 12. c4 O-O-O
13. Rfd1 Nb4 14. cxd5 Nxd5 15. Nc4 Bb4 16. a3 Bc3 17. Rac1 b5 18. Ne3 Nf4 19.
Kf1 Bb2 20. Rc5 a6 21. a4 Ne6 22. Rc2 Bd4 23. axb5 axb5 24. Nf5 Kb8 25. Rdc1 c5
26. N3xd4 cxd4 27. Ne7 Rd6 28. g3 Ka7 29. Bh5 Rd7 30. Nc8+ Kb8 31. Bxf7 Rxf7
32. Nd6 Rc7 33. Nxb5 Rxc2 34. Rxc2 Ba6 35. Rc6 Bxb5 36. Rb6+ Kc7 37. Rxb5 Rb8
38. Rf5 Rxb3 39. Rxf6 Kd6 40. f4 Ke7 41. Rh6 Nc5 42. Rxh7+ Kf6 43. Rh6+ Kg7 44.
Rd6 Rxd3 45. f5 Ne4 46. Rd7+ Kf6 47. g4 Kg5 48. Ke2 Re3+ 49. Kd1 d3 50. Rg7+
Kf4 51. f6 d2 0-1

[Event "2. Bundesliga Mitte 2011/12"]
[Site "St.Veit/Glan"]
[Date "2012.03.03"]
[Round "8"]
[Board "6"]
[White "Kogler, Werner"]
[Black "Hatzl, Johannes"]
[Result "0-1"]
[WhiteElo "1842"]
[BlackElo "2103"]
[PlyCount "130"]
[EventDate "2011.10.21"]
[EventType "team"]
[EventRounds "11"]
[EventCountry "AUT"]
[WhiteTeam "SK MPOE Maria Saal"]
[BlackTeam "SK Sparkasse Fuerstenfeld"]

1. d4 d5 2. c4 e6 3. Bf4 Nf6 4. Nc3 c6 5. c5 b6 6. b4 Nbd7 7. e3 bxc5 8. dxc5
Be7 9. Nf3 Bb7 10. Be2 O-O 11. Ne5 Nxe5 12. Bxe5 Nd7 13. Bg3 a5 14. a3 Bf6 15.
Qc1 Qc8 16. O-O Ba6 17. Bxa6 Qxa6 18. Bd6 Rfe8 19. Rb1 Qd3 20. Na2 Be5 21. Rd1
Qa6 22. Bxe5 Nxe5 23. Nc3 axb4 24. axb4 Reb8 25. Ra1 Qb7 26. Rxa8 Rxa8 27. b5
cxb5 28. Qb2 b4 29. Nxd5 Ng4 30. Qxb4 Qxd5 31. Rc1 Ne5 32. e4 Qc6 33. Qd4 Ng6
34. Rb1 Rc8 35. Rc1 h6 36. g3 Ne7 37. Rc4 Qc7 38. Qc3 Nc6 39. Qc2 Rd8 40. Rc3
Qe5 41. Rc4 Qa1+ 42. Kg2 Qd1 43. Qxd1 Rxd1 44. Rc2 Rd3 45. Kh3 Kf8 46. f4 Ke7
47. Kg4 Rb3 48. e5 Rb5 49. Kh3 Kd7 50. Kg2 Nb4 51. Rd2+ Nd5 52. Ra2 Rxc5 53.
Ra6 Rc8 54. Ra7+ Rc7 55. Ra8 Rc2+ 56. Kh3 Ke7 57. Ra7+ Rc7 58. Ra8 f6 59. exf6+
Kxf6 60. Ra2 Rc3 61. Kg2 Kf5 62. Ra7 Rc7 63. Ra6 g5 64. fxg5 hxg5 65. Ra2 Rc2+
0-1